000
00341nam a2200133Ia 4500
003
GCL
008
140319s9999 xx 000 0 ara d
040
_a
GCL /
_c
GCL
082
0
4
_a
191
_b
س ذ
100
1
_a
سعيد مراد
245
1
0
_a
ذكى نجيب محمود: اراء وافكار /
_c
سعيد مراد
300
_a
271 ص
490
_a
999
_c
37808
_d
37808